000 00974nas a2200277 4500
001 BR8205721
003 BR-BrBNA
005 20231205085303.0
007 ta
008 230509b bl.|||p| |||| 00| 00por d
040 _aBR-BrBNA
_bpor
_cBiblioteca Nacional de Agricultura
041 _a(Pt)
072 _aF30
100 1 _aMonteiro, R.F.R.
100 1 _aSpeltz, R.M.
100 1 _aGurgel, J.T. do A.
111 1 _aCongresso Nacional sobre Essencias Nativas
_cCampos de Jordao, SP (Brazil)
_d12 Sep 1982
245 1 _aComportamento silvicultural de 24 racas geograficas de Araucaria angustifolia (Bert.)O. Ktze, no Parana [pinheiro-do Parana, Brasil]
650 _aPINHEIRO-DO-PARANA
650 _aRACA FISIOLOGICA
650 _aCOMPORTAMENTO DE VARIEDADE
650 _aPARANÁ
773 0 _tSilvicultura em Sao Paulo (Brazil)
_xISSN 0583-3132
_g(1982), v. 16-A(pt. 2) p. 814-824
_wBR8205721
909 _a202311
_bLúcia
_c55
_dLúcia Elande
942 _2AGRIS
_n0
_cANA
999 _c110483
_d110483